| 000 | 00618nam a22002177a 4500 | ||
|---|---|---|---|
| 003 | OSt | ||
| 008 | 260629b |||||||| |||| 00| 0 eng d | ||
| 020 | _a9789391734367 | ||
| 082 |
_a020.71 _bS61L |
||
| 100 | _aSingh, KP | ||
| 245 |
_aLIS Education: _bPragmatic Paradigm Shift _cSingh, KP |
||
| 260 |
_aNew Delhi _bTTPP, New Delhi _c2022 |
||
| 300 | _a341p. | ||
| 365 | _e2595.00 | ||
| 650 | _aLibrary education $x Curriculum. | ||
| 650 | _aInformation science $x Study and teaching. | ||
| 650 | _aPragmatism | ||
| 650 | _aEducational change. | ||
| 650 | _aLibrary education $x Forecasting. | ||
| 942 |
_2ddc _cBK |
||
| 999 |
_c52447 _d52447 |
||